000 00663nam a22001937a 4500
003 OSt
005 20190103102923.0
008 180321b xxu||||| |||| 00| 0 spa d
020 _a9502003519
040 _cPJ
100 _9131
_aCarrió, Genaro Rubén
245 1 0 _aUn intento de superación de controversia entre positivistas y jusnaturalistas :
_b(réplica a Carlos S. Nino) /
_cGenaro R. Carrió.
260 _aBuenos Aires :
_bAbeledo - Perrot,
_c1986.
300 _a64 p.
_c19 cm.
490 _aMonografías Jurídicas
_v151
500 _aCitas al pie de algunas páginas.
650 0 _9177
_aFILOSOFIA DEL DERECHO
942 _2udc
_cLIB
_h340.12
_iCAR
999 _c170
_d170